Sahitya sanskriti saurabh (Record no. 9348)

MARC details
000 -LEADER
fixed length control field 00488cam a2200181ua 4500
008 - FIXED-LENGTH DATA ELEMENTS--GENERAL INFORMATION
fixed length control field 180609n ii |||gr||||Z||||||asm
040 ## - CATALOGING SOURCE
Transcribing agency MAIN
041 ## - LANGUAGE CODE
-- asm
082 ## - DEWEY DECIMAL CLASSIFICATION NUMBER
Classification number 891.4514
100 ## - MAIN ENTRY--PERSONAL NAME
Personal name Kakati, Dambaru,
Relator term
245 ## - TITLE STATEMENT
Title Sahitya sanskriti saurabh
Statement of responsibility, etc. Ed. by Dambaru Kakati
250 ## - EDITION STATEMENT
Edition statement 1st ed.
260 ## - PUBLICATION, DISTRIBUTION, ETC.
Place of publication, distribution, etc. Sibsagar:
Name of publisher, distributor, etc. Reception Committee, 59th session of Assam Sahitya Sabha,
Date of publication, distribution, etc. 1993.
300 ## - PHYSICAL DESCRIPTION
Extent 306p.
942 ## - ADDED ENTRY ELEMENTS (KOHA)
Koha item type Books
653 ## - INDEX TERM--UNCONTROLLED
Uncontrolled term Assamese literature
Holdings
Withdrawn status Lost status Damaged status Not for loan Home library Current library Shelving location Date acquired Total Checkouts Full call number Barcode Date last seen Copy number Price effective from Koha item type
        Central Library, Naharkatiya College Central Library, Naharkatiya College General Stacks 19/09/2020   891.4514SAH 8580 31/08/2023 1 19/09/2020 Books

Naharkatiya College © 2020. All rights reserved.

Powered By